000 01093cam a22002651 4500
001 agr35000745
003 DLC
005 20260227110954.0
008 800319s1935 nyua b 000 0 eng
010 _aagr35000745
035 _a(OCoLC)6106907
040 _aDLC
_cTxCM
_dDLC
042 _apremarc
050 0 0 _aSB608.P65
_bH49
100 1 _aHirt, Ray Roland,
_d1893-
245 1 0 _aObservations on the production and germination of sporidia of Cronartium ribicola,
_cby Ray R. Hirt.
260 _aSyracuse,
_bNew York State College of Forestry at Syracuse,
_c1935.
300 _a25 p.
_billus.
490 1 _aNew York State College of Forestry at Syracuse University. Technical publication
_vno. 46
490 0 _aBulletin,
_vv. VIII, no. 3
500 _aIssued by the Dept. of Forest Botany and Pathology, New York State College of Forestry, in cooperation with the United States Dept. of Agriculture.
504 _a"Literature cited:" p. 25.
650 0 _aCronartium ribicola.
810 2 _aState University College of Forestry at Syracuse University.
_tTechnical publication ;
_vno. 46.
999 _c9696
_d9696